000 00832cam a22002774a 4500
005 20260322212054.0
008 data
010 _a 00042971
020 _a0802838952 (hardcover : alk. paper)
020 _a9780802838957 (hardcover : alk. paper)
040 _aDLC
_cDLC
_dDLC
042 _apcc
050 0 0 _aBV4253
_b.R87 2000
082 0 0 _a252
_221
092 _a252 Rut 2000
100 1 _aRutledge, Fleming.
245 1 0 _aHelp my unbelief /
_cFleming Rutledge.
260 _aGrand Rapids, MI :
_bWilliam B. Eerdmans,
_cc2000.
300 _axvii, 290 p. ;
_c24 cm.
504 _aIncludes bibliographical references.
650 0 _aSermons, American.
906 _a7
_bcbc
_corignew
_d1
_eocip
_f20
_gy-gencatlg
925 0 _aacquire
_b2 shelf copies
_xpolicy default
001 data
999 _c1283
_d1283